Central Library and Information Centre
Sibsagar Girls' College, Sivasagar : Assam

SANSKRITI ARU LOKA SANSKRITI (Record no. 6935)

MARC details
000 -LEADER
fixed length control field 00406cam a2200169ua 4500
008 - FIXED-LENGTH DATA ELEMENTS--GENERAL INFORMATION
fixed length control field 131214n1994 II |||gr||||Z||||||asm
040 ## - CATALOGING SOURCE
Original cataloging agency MAIN
041 ## - LANGUAGE CODE
-- English
082 ## - DEWEY DECIMAL CLASSIFICATION NUMBER
Classification number 491.4509 GOS
100 ## - MAIN ENTRY--PERSONAL NAME
Personal name GOSWAMI, BHRIGUMOHAN.
245 ## - TITLE STATEMENT
Title SANSKRITI ARU LOKA SANSKRITI
260 ## - PUBLICATION, DISTRIBUTION, ETC.
Place of publication, distribution, etc. GUWAHATI
Name of publisher, distributor, etc. CHANDRA PRAKASH
Date of publication, distribution, etc. 1994
300 ## - PHYSICAL DESCRIPTION
Extent 140:
Dimensions 20CM.
942 ## - ADDED ENTRY ELEMENTS (KOHA)
Koha item type Books
653 ## - INDEX TERM--UNCONTROLLED
Uncontrolled term Asamar Sanskriti
Holdings
Withdrawn status Lost status Damaged status Not for loan Collection code Home library Current library Shelving location Date acquired Full call number Barcode Date last seen Copy number Price effective from Koha item type Public note
        TBASM Central Library and Information Centre Sibsagar Girls College Central Library and Information Centre Sibsagar Girls College ASSAMESE REFERENCE RACK 05.02.1997 491.4509 GOS 14626 27.02.2020 1 27.02.2020 Books V


Sibsagar Girl's College © 2020. All rights reserved.
Powered by Koha.
Maintained by Abhijit Borpuzari.